000 00448nam a2200145Ia 4500
003 OSt
005 20260121113936.0
008 211028s2014 xx 000 0 und d
040 _cAIMIT LIBRARY
041 _aeng
100 _aD Souza, Vinod Leo;D Souza, Rayan.
_g1216153
_97263
245 _aDrop out customer study: a case study with reference to Aditya birla retail ltd Mumbai /
260 _aMangalore
_bRayan D Souza
_c2014
942 _2ddc
_cPRO
999 _c218833
_d218833